00762nam a2200181 a 450000100100000000500170001000800410002704000250006808200140009310000290010724000210013624501100015726000410026730000300030870000400033895201850037899900170056300003585920200930074654.0111115s1954 sp c 000 0 spa d aDO-SdBNPbspacBNPHU axxxbK92h1 aKretschmer, Ernst96184010aGeniale menschen10aHombres geniales /cErnst Kretschmer ; traducción de la cuarta edición alemana José Solé Sagarra. aBarcelona, España :bLabor,c1954. a208 p. :bretr. ;c24 cm.1 aSolé Sagarra, José,etr.961015 001050718RVaGRbGRcCTd2011-11-15iLF1l0oxxx K92hp35859-10r2020-06-25w2020-06-25y1zPerteneció a la biblioteca personal de Juan Isidro Jimenes- GrullónZNo se presta c35350d35350